Anti-'IA' Countries Quiz Stats

 Plays Quiz Updated Jan 14, 2014

Challenge
Share
Tweet
Embed
Score 0/35 Timer 08:00
2 Plays Today
Non-'IA' Ending Country % Correct
-daCanada
91.1%
-yaKenya
79.1%
-maPanama
76.6%
-baCuba
76.4%
-naArgentina
75.9%
-naChina
74.8%
-eaGuinea
72.8%
-yaLibya
72.4%
-oaSamoa
72.3%
-eaSouth Korea
69.9%
-eaNorth Korea
69.7%
-caSouth Africa
67.2%
-caJamaica
66.7%
-naGuyana
66.4%
-laVenezuela
65.8%
-eaEritrea
65.7%
-naGhana
65.1%
-caDominica
64.4%
Non-'IA' Ending Country % Correct
-uaNicaragua
63.6%
-laGuatemala
63.5%
-raAndorra
63.5%
-daUganda
62.6%
-daRwanda
62.5%
-laAngola
62.2%
-caCosta Rica
61.9%
-eaPapua New Guinea
61%
-taMalta
60.6%
-daGrenada
58.9%
-gaTonga
58.4%
-eaEquatorial Guinea
57.4%
-kaSri Lanka
56.7%
-vaMoldova
55.7%
-naBotswana
55.2%
-daAntigua and Barbuda
53.5%
-naBosnia and Herzegovina
44.8%

You're not logged in!

Compare scores with friends on all Sporcle quizzes.
Join for Free
OR
Log In

You Might Also Like...

Show Comments

Extras

Top Quizzes Today


Score Distribution

Your Account Isn't Verified!

In order to create a playlist on Sporcle, you need to verify the email address you used during registration. Go to your Sporcle Settings to finish the process.

Report this User

Report this user for behavior that violates our Community Guidelines.

Details: